Inside Latin America / (Record no. 1313)

MARC details
000 -LEADER
fixed length control field 00742cam a2200217 4500
001 - CONTROL NUMBER
control field 1738
005 - DATE AND TIME OF LATEST TRANSACTION
control field 20181127163912.0
008 - FIXED-LENGTH DATA ELEMENTS--GENERAL INFORMATION
fixed length control field 731023s1941 nyubf b 001 0 eng
010 ## - LIBRARY OF CONGRESS CONTROL NUMBER
LC control number 41021925
043 ## - GEOGRAPHIC AREA CODE
Geographic area code cl-----
-- e-gx---
-- s-bl---
100 1# - MAIN ENTRY--PERSONAL NAME
Personal name Gunther, John,
Dates associated with a name 1901-1970.
245 10 - TITLE STATEMENT
Title Inside Latin America /
Statement of responsibility, etc. by John Gunther.
250 ## - EDITION STATEMENT
Edition statement 1st ed.
260 ## - PUBLICATION, DISTRIBUTION, ETC.
Place of publication, distribution, etc. New York :
Name of publisher, distributor, etc. Harper,
Date of publication, distribution, etc. 1941.
300 ## - PHYSICAL DESCRIPTION
Extent xi, 498 p., [1] folded leaf of plates :
Other physical details map ;
Dimensions 23 cm.
504 ## - BIBLIOGRAPHY, ETC. NOTE
Bibliography, etc. note Includes bibliographical references and index.
650 #0 - SUBJECT ADDED ENTRY--TOPICAL TERM
Topical term or geographic name entry element Propaganda, German.
651 #0 - SUBJECT ADDED ENTRY--GEOGRAPHIC NAME
Geographic name Brazil
General subdivision Politics and government
Chronological subdivision 1930-1945.
Geographic name Latin America
General subdivision Description and travel.
Geographic name Latin America
General subdivision Politics and government
Chronological subdivision 20th century.
Holdings
Withdrawn status Lost status Source of classification or shelving scheme Damaged status Not for loan Collection code Home library Current library Shelving location Serial Enumeration / chronology Inventory number Total Checkouts Full call number Barcode Date last seen Price effective from Koha item type
    Dewey Decimal Classification     Main TEST RTC Library RTC Library Main opac 842   320.98 GUN 30005739 27/11/2018 27/11/2018 Main
Royal Thimphu College || All Right Reserved